|
|
|
|
| LEADER |
00791nam a2200217 a 4500 |
| 001 |
000311792 |
| 008 |
101204s1990 maua b s001 0 eng d |
| 010 |
|
|
|a 90005696
|
| 020 |
|
|
|a 0262192993
|
| 040 |
|
|
|a DLC
|c DLC
|d BD-DhAAL
|
| 082 |
0 |
0 |
|a 005
|2 20
|
| 100 |
1 |
0 |
|a Smith, Peter D.
|q (Peter Desmond),
|d 1950-
|
| 245 |
1 |
3 |
|a An introduction to text processing /
|c Peter D. Smith.
|
| 260 |
|
|
|a Cambridge, Mass. :
|b MIT Press,
|c c1990.
|
| 300 |
|
|
|a xii, 300 p. :
|b ill. ;
|c 24 cm.
|
| 504 |
|
|
|a Includes bibliographical references.
|
| 541 |
1 |
|
|e 00009856
|
| 650 |
|
0 |
|a Text processing (Computer science)
|
| 852 |
4 |
|
|a Ayesha Abed Library
|j General Shelf.
|
| 999 |
|
|
|c 10128
|d 10128
|
| 952 |
|
|
|0 0
|1 0
|2 ddc
|4 0
|6 005_SMI
|7 0
|9 13403
|a BRACUL
|b BRACUL
|c GEN
|d 2010-12-04
|l 0
|o 005 SMI
|p 3010009856
|r 2010-12-04
|t 1
|w 2010-12-04
|y BK
|